Tallest Mountain to US State - Statistics

General Stats
  • This quiz has been taken 20 times
  • The average score is 21 of 50
Answer Stats
Mountain State % Correct
Denali/Mount McKinley Alaska
100%
Mount Whitney California
100%
Mauna Kea Hawaii
100%
Mount Rainier Washington
100%
Mount Elbert Colorado
88%
Mount Hood Oregon
82%
Mount Washington New Hampshire
59%
Guadalupe Peak Texas
59%
Gannett Peak Wyoming
59%
Humphreys Peak Arizona
53%
Borah Peak Idaho
53%
Mount Sunflower Kansas
53%
Wheeler Peak New Mexico
53%
Kings Peak Utah
53%
Mount Katahdin Maine
47%
Granite Peak Montana
47%
Boundary Peak Nevada
47%
Black Elk Peak South Dakota
47%
Near the Ebright Azimuth Delaware
41%
Britton Hill Florida
41%
Hoosier Hill Indiana
41%
Hawkeye Point Iowa
41%
Mount Marcy New York
41%
Mount Mitchell North Carolina
41%
Mount Greylock Massachusetts
35%
Jerimoth Hill Rhode Island
35%
Mount Mansfield Vermont
35%
Mount Magazine Arkansas
29%
south side of Mount Frissell Connecticut
29%
Charles Mound Illinois
29%
High Point New Jersey
29%
Black Mesa Oklahoma
29%
Clingmans Dome Tennessee
29%
Mount Rogers Virginia
29%
Timms Hill Wisconsin
29%
Brasstown Bald Georgia
24%
Hoye-Crest Maryland
24%
Mount Arvon Michigan
24%
Eagle Mountain Minnesota
24%
Taum Sauk Mountain Missouri
24%
Panorama Point Nebraska
24%
White Butte North Dakota
24%
Spruce Knob West Virginia
24%
Cheaha Mountain Alabama
18%
Black Mountain Kentucky
18%
Driskill Mountain Louisiana
18%
Campbell Hill Ohio
18%
Mount Davis Pennsylvania
18%
Woodall Mountain Mississippi
12%
Sassafras Mountain South Carolina
12%
No matching quizzes found
Score Distribution
Percent of People with Each Score
Percentile by Number Answered
Your Score History
You have not taken this quiz